Statistiques concernant Plus Grandes Villes de Bretagne

Cliquez ici pour prendre le quiz!

Statistiques générales

  • Ce quiz a été pris 155 fois
  • Le résultat moyen est 19 sur 38

Statistiques - réponses

DépartementVille
Population
(en milliers)
% Correct
FinistèreBrest139
99%
Îlle et VilaineRennes217
99%
MorbihanLorient57
95%
FinistèreQuimper63
95%
MorbihanVannes53
95%
Îlle et VilaineSaint Malo46
94%
Côtes d'ArmorSaint Brieuc44
88%
FinistèreConcarneau19
71%
Îlle et VilaineFougères20
71%
FinistèreMorlaix14
68%
Côtes d'ArmorDinan14
67%
Côtes d'ArmorLannion20
66%
MorbihanPontivy14
61%
FinistèreQuimperlé12
57%
Îlle et VilaineVitré18
56%
Îlle et VilaineDinard10
54%
FinistèreDouarnenez14
54%
MorbihanAuray13
51%
MorbihanLanester23
51%
FinistèreLanderneau15
48%
Îlle et VilaineCesson Sévigné17
42%
Côtes d'ArmorLamballe Armor16
41%
MorbihanHennebont15
39%
Îlle et VilaineBruz18
37%
MorbihanPloëmeur17
36%
FinistèreGuipavas14
35%
FinistèrePlougastel Daoulas13
33%
Îlle et VilainePacé11
22%
Côtes d'ArmorPlérin14
21%
Îlle et VilaineSaint Jacques de la Lande13
20%
Îlle et VilaineBetton11
19%
MorbihanGuidel11
17%
Côtes d'ArmorPloufragan11
17%
Îlle et VilaineChantepie10
16%
FinistèreLe Relecq Kerhuon11
16%
FinistèrePlouzané12
16%
MorbihanSaint Avé11
16%
Îlle et VilaineChâteaugiron10
13%

Distribution des résultats

Percentile par nombre de réponses

% des personnes avec chaque résultat

Votre développement - résultats

Vous n’avez pas pris ce quiz